Statistics for Largest Cities in Southeast Asia

Click here to take the quiz!

General Stats

  • This quiz has been taken 506 times
  • The average score is 12 of 25

Answer Stats

CountryHintAnswer% Correct
Indonesia10,135,030Jakarta
98%
Vietnam6,844,100Hanoi
97%
Thailand5,658,953Bangkok
95%
Vietnam7,681,700Ho Chi Minh City
93%
(City State)5,469,700Singapore
90%
Burma5,209,541Yangon
81%
Malaysia1,588,750Kuala Lumpur
79%
Cambodia2,234,566Phnom Penh
76%
Indonesia2,843,144Surabaya
63%
Indonesia2,575,478Bandung
59%
Indonesia2,185,789Medan
49%
Burma1,225,133Mandalay
44%
Vietnam973,100Da Nang
43%
Burma1,158,367Naypyidaw
41%
Indonesia1,398,801Makassar
29%
Indonesia1,561,959Palembang
27%
Indonesia1,575,068Semarang
27%
Vietnam1,904,100Hai Phong
25%
Indonesia2,510,951Bekasi
18%
Indonesia1,030,732Pekanbaru
16%
Indonesia2,001,925Tangerang
14%
Vietnam1,214,100Can Tho
13%
Indonesia1,142,646Batam
12%
Indonesia1,869,681Depok
11%
Indonesia1,436,187South Tangerang
7%

Score Distribution

Percentile by Number Answered

Percent of People with Each Score

Your Score History

You have not taken this quiz